驻地最靠近30°N的41个地级行政区 严格黄框版 41 prefecture regions closest to 30°N - Hard - Statistics

General Stats
  • This quiz has been taken 26 times
  • The average score is 23 of 41
Answer Stats
地州 东经 纬度差 % Correct
舟山市 122.20 -0.01
90%
宁波市 121.62 -0.14
90%
嘉兴市 120.75 0.75
80%
绍兴市 120.58 0.05
80%
杭州市 120.21 0.25
80%
湖州市 120.08 0.90
70%
武汉市 114.30 0.60
65%
宣城市 118.75 0.94
60%
铜陵市 117.81 0.95
60%
鄂州市 114.89 0.39
60%
黄山市 118.33 -0.28
55%
池州市 117.49 0.67
55%
安庆市 117.11 0.53
55%
九江市 115.95 -0.34
55%
黄石市 115.03 0.20
55%
黄冈市 114.87 0.46
55%
咸宁市 114.32 -0.16
55%
孝感市 113.95 0.92
55%
岳阳市 113.12 -0.64
55%
荆州市 112.24 0.34
55%
金华市 119.64 -0.92
50%
景德镇市 117.17 -0.73
50%
常德市 111.69 -0.97
50%
宜昌市 111.28 0.70
50%
恩施土家族苗族自治州 109.49 0.27
50%
乐山市 103.76 -0.44
50%
甘孜藏族自治州 101.96 0.05
50%
林芝市 94.36 -0.35
50%
山南市 91.77 -0.76
50%
拉萨市 91.17 -0.34
50%
日喀则市 88.88 -0.73
50%
张家界市 110.47 -0.88
45%
南充市 106.11 0.84
45%
遂宁市 105.59 0.54
45%
内江市 105.05 -0.42
45%
资阳市 104.63 0.13
45%
成都市 104.06 0.58
45%
眉山市 103.85 0.08
45%
雅安市 103.04 0.01
45%
广安市 106.63 0.46
40%
自贡市 104.78 -0.66
40%
No matching quizzes found
Score Distribution
Percent of People with Each Score
Percentile by Number Answered
Your Score History
You have not taken this quiz